000 00382pab a2200133 454500
008 180718b1988 xxu||||| |||| 00| 0 eng d
245 _aSpecial issue on industrial crisis management
_bLearning from organizational failures
260 _c1988
300 _a285-402
362 _aJul.
650 _aIndustrial Management I
773 _aJournal of Management Studies
909 _a10469
999 _c10469
_d10469